Xarxa local de Serveis Socials : Perspectives de futur : 1ª escola d'estiu de serveis socials, del 2 al 6 de juliol de 1990 / Diputació de Barcelona. Promoció Econòmica i Serveis Socials, APIP (Associació per a la Promoció i la Inserció Professional) Perspectives de futur :
Descripción Física:
202 f. ; 30 cm
Materias:
Serveis socials -- Congressos
MARC
| LEADER | 00000nam a2200000Ia 4500 | ||
|---|---|---|---|
| 001 | 9102 | ||
| 003 | BGR | ||
| 005 | 20260324175255.0 | ||
| 008 | 160829s1990 xx 000 0 cat d | ||
| 080 | |a S-1-1 | ||
| 111 | |a Escola d'Estiu de Serveis Socials |9 70778 |c (Barcelona : |d 1990) | ||
| 245 | |a Xarxa local de Serveis Socials : |b Perspectives de futur : |b 1ª escola d'estiu de serveis socials, del 2 al 6 de juliol de 1990 / Diputació de Barcelona. Promoció Econòmica i Serveis Socials, APIP (Associació per a la Promoció i la Inserció Professional) | ||
| 260 | |a Barcelona : |b Diputació, |c 1990 | ||
| 300 | |a 202 f. ; |c 30 cm | ||
| 650 | |a Serveis socials |x Congressos |9 24401 | ||
| 710 | 1 | |a Barcelona (Catalunya : Província). |b Diputació |9 52408 | |
| 901 | |a Arxiu | ||
| 942 | |n 1 |2 udc |c MON | ||
| 952 | |0 0 |1 0 |4 0 |6 S11 |7 1 |9 43130 |a Arxiu |b Arxiu |d 2016-12-01 |l 0 |o S-1-1 |p 9102 |r 2016-12-01 00:00:00 |w 2016-12-01 |y ARXIU | ||
| 999 | |c 45674 |d 45674 | ||